| 000 | 00732nam a2200217 i 4500 | ||
|---|---|---|---|
| 001 | 46786 | ||
| 003 | ES-MaACL | ||
| 005 | 20230906161439.0 | ||
| 007 | t| | ||
| 008 | 030401s1969 sp ||||1| spa d | ||
| 100 | 1 |
_aConn, Howard F. _940199 |
|
| 245 | 1 | 0 |
_aDiagnóstico clínico actual / _cdirigido por Howard F. Conn, Robert J. Clohecy, Rex B. Conn ; traductor Santiago Pi Suñer ; prólogo Máximo Soriano. |
| 250 | _a1º ed. | ||
| 260 |
_aBarcelona, etc. : _bLabor, _c[1969] |
||
| 300 |
_aXXXII, 1052 p. : _bil. ; _c28 cm. |
||
| 700 | 1 |
_aClohecy, Robert J. _939280 |
|
| 700 | 1 |
_aConn, Rex B. _940200 |
|
| 700 | 1 |
_aPi Suñer, Santiago. _991728 |
|
| 700 | 1 |
_aSoriano, Máximo. _9107387 |
|
| 852 |
_aES-MaACL _jC-32940 _bR.71292 |
||
| 999 |
_c46786 _d46786 |
||